00823nam a2200217Ia 4500001000700000003000500007008004100012010001100053020001800064040000900082082001600091245007300107260016600180300001100346503001400357504003800371650004100409650006100450650004300511650005100554Z_6434CHAP220113s1996 xx 000 0 und d a169691 a0-9654660-0-0 cCHAP a664.908 O75 aThe Original recyclers /ceditores Don A. Franco y Winfield Swanson aEstados Unidos de América :bThe Animal Protein Producers Industry :,bThe Fats & Proteins Research Foundation :,bThe National Renderers Association,c1996 a272 p. aej.1: s/n aIncluye bibliografía e índice aAceites y grasas xx Estados Unidos aIndustria de reciclaje xx Estados Unidos xx Historia aManejo de desechos xx Estados Unidos aProductos de origen animal xx Estados Unidos